Challenges and the future of intermodal transport in Poland

Podrobná bibliografia
Hlavní autori: Bujak, Andrzej (Autor), Śliwa, Zdzislaw (Autor)
Médium: Článok
Jazyk:slovenčina
angličtina
Fyzický popis:Graf, mp. tab.
ISSN:1336-0019
Predmet:

MARC

LEADER 00000nab a2200000 a 4500
001 vtls009282234
003 SK-MaSNL
005 20260304151530.0
008 250506c2007 xo fr|p|||||||000 b|slo
015 |a SNBRB2008/04  |2 snkbucl 
035 |a (uuid)a04e4fcf-39db-4c4c-8bb2-5ca28b756fb2 
035 |a urn:nbn:sk:snk-ab94hm 
035 |a (urnnbn)urn:nbn:sk:snk:ar-0025v9 
038 |a SNKBUCL 
040 |a SNKBUCL  |b slo  |c SNKBUCL  |e AACR2 
041 0 |a eng  |b eng 
044 |a xo  |c SK 
080 |a 656.1/.7.022.8  |x (438)  |2 2001 
100 1 |a Bujak, Andrzej  |4 aut  |9 1473021 
245 1 0 |a Challenges and the future of intermodal transport in Poland  |c Andrzej Bujak, Zdzislaw Śliwa 
300 |b Graf, mp. tab. 
504 |a Bibliogr. odkazy 
546 |a Res. angl. 
650 0 7 |a kombinovaná doprava  |2 snkbucl  |9 69464 
651 7 |a Poľsko  |2 snkbucl  |9 16755 
700 1 |a Śliwa, Zdzislaw  |4 aut  |9 1473022 
773 0 |t Krízový manažment = Crisis Management  |g Roč. 6, č. 2 (2007), s. [30]-38  |x 1336-0019 
850 |a Slovenská národná knižnica 
852 |a Slovenská národná knižnica 
954 |a odborná, vedecká literatúra cudzojazyčná (svetová)  |2 lita 
958 |a article13 
958 |a OND 
958 |a NB 
958 |a PL 
958 |a EUIPO 
999 |c 2944224  |d 2946154